000 00747nam a2200181 i 4500
001 114777
003 ES-MaACL
005 20230906190240.0
007 t|
008 070327s1886 sp ||||1| spa d
100 1 _aRíos y Rial, Cándido.
_997405
245 1 0 _aMemoria acerca del estado del Instituto Provincial de Guipúzcoa durante el curso de 1885 a 1886 /
_cpor Cándido Ríos y Rial.
260 _aSan Sebastián :
_b[s.n.],
_c1886 (
_fEst. tip. de la Viuda de Osés)
300 _a70 p. ;
_c20 cm.
610 2 4 _aInstituto Provincial de Segunda Enseñanza de Guipuzcoa (San Sebastián)-
_vMemorias.
_9144977
710 2 _aInstituto Provincial de Segunda Enseñanza de Guipúzcoa (San Sebastián)
_9134537
852 _aES-MaACL
_jT-467-F-14
999 _c114777
_d114777